000 01153nam a2200313 a 4500
999 _c460075
_d460075
003 BLK
005 20250203115131.0
008 220609b bu |||||r|||| 00| | bu d
020 _a9786191573813
040 _aBLK
041 _aBUL
_cBUL
080 _aНемска литература
_b821.112.2
_x-31
_z821.112.2-31
100 _aАндерсън, Попи
_eпърви автор
_9475875
139 _aАндерсън, Попи
_bА 65
245 _aТайната подправка на любовта
_bРоман
_cПопи Андерсън; прев. от нем. Ангелина Иробалиева.
257 _aDEU
260 _9213219
_aСофия
_bИбис
_c2022
300 _a276 с.
_c21 см
380 _aX
490 _9206766
_aКолекция Избрани съвременни любовни романи
700 _91091
_aИробалиева, Ангелина
_eпрев. от нем.
852 _c821-31/А 65 П
852 _aЦб 315626
_bЦб
856 _i0.00
_ldisable
942 _cKNG
_n0
_s1
_030
944 _aCR
_c2022-06-09
_k30570
_lМоника Янева
999 _d460075
999 _d460075